[Event "World Cup Americas Prelim"]
[Site "Tornelo INT"]
[Date "2021.05.08"]
[Round "4.4"]
[White "Plotkin, Mark"]
[Black "Del Castilho, Martyn"]
[Result "1-0"]
[WhiteElo "2430"]
[BlackElo "2304"]
[PlyCount "79"]
[EventDate "2021.05.08"]
[EventType "swiss (rapid)"]
[EventRounds "9"]
[EventCountry "NET"]
[Source "Mark Crowther"]
[SourceDate "2021.05.17"]

1. c4 Nf6 2. Nc3 e6 3. e4 d5 4. cxd5 exd5 5. e5 d4 6. exf6 dxc3 7. Qe2+ Be6 8.
dxc3 Qxf6 9. Qb5+ Nd7 10. Qxb7 Rb8 11. Qxc7 Bc5 12. Nf3 O-O 13. Be2 Rfe8 14.
O-O Bg4 15. Qg3 Rxe2 16. Qxg4 Ne5 17. Qg3 Nxf3+ 18. Qxf3 Qxf3 19. gxf3 Rb6 20.
b4 Rg6+ 21. Kh1 Bxf2 22. Bf4 h5 23. Rad1 h4 24. Rd2 Rxd2 25. Bxd2 Bb6 26. c4
Bd4 27. c5 h3 28. Rc1 Be5 29. f4 Bc7 30. Rg1 Re6 31. Bc3 Bxf4 32. Rxg7+ Kf8 33.
Rg4 Bc7 34. Kg1 Re2 35. b5 Rxh2 36. b6 axb6 37. cxb6 Bd6 38. Bb4 Rxa2 39. Bxd6+
Ke8 40. b7 1-0

[Event "World Cup Americas Prelim"]
[Site "Tornelo INT"]
[Date "2021.05.09"]
[Round "5.3"]
[White "Avila Pavas, Santiago"]
[Black "Plotkin, Mark"]
[Result "0-1"]
[WhiteElo "2373"]
[BlackElo "2430"]
[PlyCount "124"]
[EventDate "2021.05.08"]
[EventType "swiss (rapid)"]
[EventRounds "9"]
[EventCountry "NET"]
[Source "Mark Crowther"]
[SourceDate "2021.05.17"]

1. d4 Nf6 2. Nf3 e6 3. Bf4 c5 4. e3 d5 5. c3 Nc6 6. Nbd2 Bd6 7. Bg3 O-O 8. Bd3
b6 9. Ne5 Bb7 10. f4 Ne7 11. Qb1 Ng6 12. a3 Rc8 13. h4 cxd4 14. cxd4 Nh5 15.
Bf2 f5 16. Ndf3 Qe8 17. Ng5 h6 18. Qd1 Nf6 19. Qe2 hxg5 20. Bb5 Nxe5 21. Bxe8
Neg4 22. Bd7 Nxd7 23. hxg5 g6 24. Qb5 Nb8 25. Qa4 Ba6 26. Bg1 Rc4 27. Qd1 Rfc8
28. Qf3 Bf8 29. Qh3 Bg7 30. Qh7+ Kf7 31. Rh6 Nxh6 32. gxh6 Rg8 33. Bf2 Nd7 34.
hxg7 Nf6 35. Qh4 Rxg7 36. Qg5 Ne4 37. Qd8 Rc2 38. Bh4 Re2+ 39. Kd1 Rxg2 40. b4
Bd3 41. Kc1 Nd2 42. Kd1 Nc4 43. Ke1 Re2+ 44. Kf1 Nxe3+ 45. Kg1 Be4 46. Rc1 Rg2+
47. Kh1 Rc2+ 48. Kg1 Rxc1+ 49. Kf2 Ng4+ 50. Ke2 Rc2+ 51. Ke1 Rh2 52. Be7 Rg8
53. Qd7 Kg7 54. Bg5+ Kh8 55. Qxe6 Rg7 56. Be7 Bf3 57. Kf1 Re2 58. Qc8+ Rg8 59.
Qd7 Ne3+ 60. Kg1 Rg2+ 61. Kh1 Rg3+ 62. Kh2 Nf1# 0-1

[Event "World Cup Americas Prelim"]
[Site "Tornelo INT"]
[Date "2021.05.09"]
[Round "6.1"]
[White "Plotkin, Mark"]
[Black "Molina, Rob"]
[Result "0-1"]
[WhiteElo "2430"]
[BlackElo "2434"]
[PlyCount "90"]
[EventDate "2021.05.08"]
[EventType "swiss (rapid)"]
[EventRounds "9"]
[EventCountry "NET"]
[Source "Mark Crowther"]
[SourceDate "2021.05.17"]

1. e4 c6 2. c4 d5 3. cxd5 cxd5 4. exd5 Nf6 5. Nc3 Nxd5 6. Bc4 e6 7. Nf3 Be7 8.
O-O O-O 9. d4 Nc6 10. Re1 Bf6 11. Ne4 Nce7 12. Nxf6+ Nxf6 13. Bg5 Nf5 14. Rc1
h6 15. Bf4 Nd5 16. Bd2 b6 17. Ne5 Bb7 18. Bd3 Nf6 19. Bb4 Re8 20. Bc3 Rc8 21.
Qa4 a6 22. Rcd1 Nd5 23. Bd2 b5 24. Qa3 Nxd4 25. Bc1 Qe7 26. Qxe7 Rxe7 27. f3
Rec7 28. Kf2 Nc2 29. Rf1 Ndb4 30. a3 Nxd3+ 31. Rxd3 f6 32. Ng6 Kf7 33. Nf4 g5
34. Ne2 e5 35. Rfd1 b4 36. a4 Kg6 37. g4 h5 38. h3 hxg4 39. hxg4 Rh8 40. Kg3
Rch7 41. R1d2 Rh3+ 42. Kg2 e4 43. Rd7 Ne3+ 44. Kf2 Rxf3+ 45. Kg1 Rf1# 0-1

[Event "World Cup Americas Prelim"]
[Site "Tornelo INT"]
[Date "2021.05.09"]
[Round "7.4"]
[White "Della Morte, German"]
[Black "Plotkin, Mark"]
[Result "0-1"]
[WhiteElo "2368"]
[BlackElo "2430"]
[PlyCount "68"]
[EventDate "2021.05.08"]
[EventType "swiss (rapid)"]
[EventRounds "9"]
[EventCountry "NET"]
[Source "Mark Crowther"]
[SourceDate "2021.05.17"]

1. e4 e5 2. Nf3 Nc6 3. Bc4 Nf6 4. d3 Be7 5. O-O d6 6. a4 O-O 7. Re1 Kh8 8. a5
a6 9. c3 Nh5 10. h3 Nf4 11. Bxf4 exf4 12. d4 f5 13. Bd3 fxe4 14. Bxe4 d5 15.
Bd3 Qe8 16. Nbd2 Qf7 17. Qc2 g5 18. Nh2 Qg7 19. Ndf3 h5 20. Ne5 Nxe5 21. Rxe5
Bd6 22. Re2 g4 23. hxg4 hxg4 24. Rae1 f3 25. Re5 Bxe5 26. Rxe5 c6 27. Rh5+ Kg8
28. Qd2 Qf6 29. g3 Rf7 30. Rh6 Qe7 31. Bg6 Rg7 32. Nf1 Bd7 33. Qc2 Rf8 34. Bh7+
Rxh7 0-1

[Event "World Cup Americas Prelim"]
[Site "Tornelo INT"]
[Date "2021.05.09"]
[Round "8.3"]
[White "Plotkin, Mark"]
[Black "Duran Vega, S."]
[Result "1-0"]
[WhiteElo "2430"]
[BlackElo "2340"]
[PlyCount "45"]
[EventDate "2021.05.08"]
[EventType "swiss (rapid)"]
[EventRounds "9"]
[EventCountry "NET"]
[Source "Mark Crowther"]
[SourceDate "2021.05.17"]

1. c4 e5 2. Nc3 Nf6 3. g3 d5 4. cxd5 Nxd5 5. Bg2 Nb6 6. Nf3 Nc6 7. O-O Be7 8.
d3 O-O 9. Be3 Re8 10. Rc1 Bf8 11. a3 Nd4 12. Ne4 c6 13. Nc5 Bxc5 14. Rxc5 Bg4
15. b4 a5 16. Rxa5 Rxa5 17. bxa5 Nd5 18. Qd2 Nc3 19. Re1 Qxa5 20. Nxd4 exd4 21.
Bxd4 Nxe2+ 22. Rxe2 Qxd2 23. Rxe8# 1-0

[Event "World Cup Americas Prelim"]
[Site "Tornelo INT"]
[Date "2021.05.09"]
[Round "9.2"]
[White "Daggupati, Balaji"]
[Black "Plotkin, Mark"]
[Result "0-1"]
[WhiteElo "2389"]
[BlackElo "2430"]
[PlyCount "84"]
[EventDate "2021.05.08"]
[EventType "swiss (rapid)"]
[EventRounds "9"]
[EventCountry "NET"]
[Source "Mark Crowther"]
[SourceDate "2021.05.17"]

1. e4 e5 2. Nf3 Nc6 3. Bb5 a6 4. Ba4 g6 5. c3 d6 6. d4 Bd7 7. O-O Bg7 8. d5
Nce7 9. Bxd7+ Qxd7 10. Be3 h6 11. Nfd2 f5 12. f3 Nf6 13. c4 O-O 14. Nc3 b5 15.
c5 fxe4 16. fxe4 Ng4 17. Qe2 Nxe3 18. Qxe3 dxc5 19. Qxc5 Qd6 20. Nb3 Bf6 21. g3
Bg5 22. Kg2 h5 23. a4 b4 24. Na2 Rfd8 25. Rf3 c6 26. h4 Bh6 27. Nxb4 cxd5 28.
Qxd6 Rxd6 29. Nc5 dxe4 30. Rf2 e3 31. Re2 Nf5 32. Rae1 Rd4 33. Nbxa6 Rg4 34. b4
Rxg3+ 35. Kh1 Nxh4 36. Rg1 Rh3+ 37. Rh2 Rxh2+ 38. Kxh2 Nf3+ 39. Kg2 Nxg1 40.
Kxg1 Rf8 41. b5 e2 42. Nd3 e4 0-1

[Event "Titled Tuesday 2021.04.13"]
[Site "chess.com INT"]
[Date "2021.04.13"]
[Round "1"]
[White "Plotkin, Mark"]
[Black "Shevtchenko, O."]
[Result "1-0"]
[WhiteElo "2430"]
[BlackElo "2054"]
[PlyCount "121"]
[EventDate "2021.04.13"]
[EventType "swiss (blitz)"]
[EventRounds "11"]
[EventCountry "NET"]
[Source "Mark Crowther"]
[SourceDate "2021.04.19"]

1. e4 c5 2. Nf3 d6 3. d4 cxd4 4. Nxd4 a6 5. Nc3 Nf6 6. Bg5 Nc6 7. f4 Qa5 8. Qd2
Bd7 9. O-O-O h6 10. Bxf6 gxf6 11. Nb3 Qd8 12. Be2 e6 13. Bh5 Be7 14. f5 Ne5 15.
Nd4 exf5 16. exf5 Qa5 17. Kb1 Rc8 18. Rhe1 Nc4 19. Qe2 Ne5 20. Ne4 Bb5 21. Nxb5
Qxb5 22. Qxb5+ axb5 23. Nxd6+ Bxd6 24. Rxd6 Ke7 25. Rb6 Rc7 26. Rxb5 Rd8 27.
Bf3 Rdd7 28. b3 Kf8 29. Kb2 Nxf3 30. gxf3 Rd2 31. Rc1 Rxh2 32. a4 Rf2 33. Rb6
Ke7 34. Re1+ Kf8 35. Rxf6 Rfxc2+ 36. Ka3 R2c6 37. Rxc6 Rxc6 38. Kb4 Kg7 39. a5
Kf6 40. Ka4 Kxf5 41. Re7 Rf6 42. Rxb7 h5 43. Rb8 Rh6 44. Rg8 h4 45. Rg1 h3 46.
b4 Kf4 47. b5 Kxf3 48. a6 Kf2 49. Rh1 h2 50. a7 Rh8 51. Rxh2+ Rxh2 52. a8=Q f5
53. Qb8 Rh4+ 54. Kb3 f4 55. b6 f3 56. b7 Kf1 57. Qg3 f2 58. Qxh4 Ke2 59. b8=Q
f1=Q 60. Qb5+ Kd2 61. Qd4+ 1-0

[Event "Titled Tuesday 2021.04.13"]
[Site "chess.com INT"]
[Date "2021.04.13"]
[Round "2"]
[White "Baghdasaryan, Vahe"]
[Black "Plotkin, Mark"]
[Result "0-1"]
[WhiteElo "2364"]
[BlackElo "2430"]
[PlyCount "26"]
[EventDate "2021.04.13"]
[EventType "swiss (blitz)"]
[EventRounds "11"]
[EventCountry "NET"]
[Source "Mark Crowther"]
[SourceDate "2021.04.19"]

1. e4 c5 2. Nf3 e6 3. d4 cxd4 4. Nxd4 Nf6 5. Nc3 d6 6. g4 Nc6 7. g5 Nd7 8. h4
a6 9. Be3 Qc7 10. h5 b5 11. Rg1 b4 12. Nce2 Nde5 13. Nxc6 Nf3# 0-1

[Event "Titled Tuesday 2021.04.13"]
[Site "chess.com INT"]
[Date "2021.04.13"]
[Round "3"]
[White "Sarana, A."]
[Black "Plotkin, Mark"]
[Result "1-0"]
[WhiteElo "2649"]
[BlackElo "2430"]
[PlyCount "87"]
[EventDate "2021.04.13"]
[EventType "swiss (blitz)"]
[EventRounds "11"]
[EventCountry "NET"]
[Source "Mark Crowther"]
[SourceDate "2021.04.19"]

1. e4 c5 2. Nf3 e6 3. d4 cxd4 4. Nxd4 Nf6 5. Nc3 d6 6. g4 h6 7. h4 a6 8. Rg1 g6
9. a4 Qc7 10. Be3 Nc6 11. Be2 Ne5 12. g5 hxg5 13. hxg5 Nfd7 14. Nb3 b6 15. Qd4
Rh3 16. O-O-O Bb7 17. f4 Nc6 18. Qd2 O-O-O 19. Bg4 Rh4 20. Qf2 Rh8 21. f5 Nde5
22. Bxb6 Nxg4 23. Rxg4 Qd7 24. Bxd8 Qxd8 25. fxe6 fxe6 26. Qf6 Qxf6 27. gxf6
Ne5 28. Rg2 Bh6+ 29. Kb1 Rf8 30. Rxd6 Rxf6 31. Nd4 Nc4 32. Rxe6 Rf1+ 33. Ka2
Bc1 34. Rexg6 Bxb2 35. Rg8+ Kc7 36. R2g7+ Kb6 37. a5+ Kxa5 38. Nb3+ Kb4 39.
Rxb7+ Kxc3 40. Rg3+ Kxc2 41. Rc7 Be5 42. Rxc4+ Kd1 43. Rc1+ Ke2 44. Rxf1 1-0

[Event "Titled Tuesday 2021.04.13"]
[Site "chess.com INT"]
[Date "2021.04.13"]
[Round "4"]
[White "Plotkin, Mark"]
[Black "Peralta, E."]
[Result "1-0"]
[WhiteElo "2430"]
[BlackElo "2218"]
[PlyCount "109"]
[EventDate "2021.04.13"]
[EventType "swiss (blitz)"]
[EventRounds "11"]
[EventCountry "NET"]
[Source "Mark Crowther"]
[SourceDate "2021.04.19"]

1. e4 c5 2. Nf3 Nc6 3. c3 e5 4. d4 cxd4 5. cxd4 exd4 6. Nxd4 Bc5 7. Nb3 Be7 8.
Nc3 Nf6 9. Be3 O-O 10. Be2 d6 11. O-O Be6 12. f4 Rc8 13. Rc1 a6 14. Kh1 b5 15.
a3 b4 16. axb4 Nxb4 17. Nd4 a5 18. Qe1 Bc4 19. Bxc4 Rxc4 20. Qg3 Nd3 21. Rc2
Nxb2 22. Nf5 Nh5 23. Qg4 g6 24. Rxb2 Nf6 25. Qg5 Rxc3 26. Bd4 Rc5 27. Nxe7+
Qxe7 28. Bxf6 Qe6 29. f5 h6 30. fxe6 hxg5 31. Be7 f5 32. Bxf8 Kxf8 33. exf5
gxf5 34. Rbf2 f4 35. g3 Ke7 36. gxf4 gxf4 37. Rxf4 Kxe6 38. h4 Rc3 39. R1f3
Rc1+ 40. Kh2 d5 41. h5 Ke5 42. h6 Rc6 43. Rh4 Rc8 44. h7 Rh8 45. Rg3 d4 46. Rg8
Rxh7 47. Rxh7 d3 48. Re8+ Kd4 49. Rd7+ Kc3 50. Rc8+ Kd2 51. Rcd8 a4 52. Rxd3+
Kc1 53. Ra3 Kb2 54. Rxa4 Kb3 55. Ra7 1-0

[Event "Titled Tuesday 2021.04.13"]
[Site "chess.com INT"]
[Date "2021.04.13"]
[Round "5"]
[White "Marra, E."]
[Black "Plotkin, Mark"]
[Result "0-1"]
[WhiteElo "2200"]
[BlackElo "2430"]
[PlyCount "136"]
[EventDate "2021.04.13"]
[EventType "swiss (blitz)"]
[EventRounds "11"]
[EventCountry "NET"]
[Source "Mark Crowther"]
[SourceDate "2021.04.19"]

1. e4 c5 2. Nf3 e6 3. g3 h5 4. h4 Nc6 5. Bg2 d5 6. exd5 exd5 7. d4 cxd4 8. O-O
Nf6 9. Nxd4 Bc5 10. Nb3 Bb6 11. Bg5 Be6 12. Nc3 Qd6 13. Na4 Ne5 14. Nxb6 Qxb6
15. Qd4 Qxd4 16. Nxd4 O-O-O 17. Rfe1 Nc4 18. b3 Nb6 19. Nxe6 fxe6 20. Rxe6 Rhe8
21. Rae1 Rxe6 22. Rxe6 Re8 23. Rxe8+ Nxe8 24. Bf3 g6 25. Be3 Nf6 26. Bxb6 axb6
27. Kf1 Kd7 28. Ke2 Kd6 29. Ke3 Ke5 30. c3 Ne8 31. Be2 Nf6 32. f3 Nd7 33. b4
Nf8 34. Bd3 Ke6 35. Kf4 Kf6 36. g4 Ne6+ 37. Ke3 Nf8 38. g5+ Ke5 39. f4+ Ke6 40.
f5+ gxf5 41. Be2 Ng6 42. Bxh5 Nxh4 43. g6 Kf6 44. Kd4 Nxg6 45. Bf3 Nf4 46. a4
Ke6 47. a5 bxa5 48. bxa5 Kd6 49. c4 Ne6+ 50. Kc3 Nc7 51. cxd5 Na6 52. Kd4 Nc5
53. Be2 Nb3+ 54. Ke3 Ke5 55. d6 f4+ 56. Kf3 Nd4+ 57. Kf2 Kxd6 58. Bf3 Nxf3 59.
Kxf3 Kc5 60. Kxf4 Kb4 61. Ke4 Kxa5 62. Kd3 Kb4 63. Kc2 b6 64. Kb2 b5 65. Kb1
Kb3 66. Kc1 Ka2 67. Kc2 b4 68. Kd3 b3 0-1

[Event "Titled Tuesday 2021.04.13"]
[Site "chess.com INT"]
[Date "2021.04.13"]
[Round "6"]
[White "Kozak, Adam"]
[Black "Plotkin, Mark"]
[Result "1-0"]
[WhiteElo "2518"]
[BlackElo "2430"]
[PlyCount "69"]
[EventDate "2021.04.13"]
[EventType "swiss (blitz)"]
[EventRounds "11"]
[EventCountry "NET"]
[Source "Mark Crowther"]
[SourceDate "2021.04.19"]

1. e4 c5 2. Nf3 e6 3. d4 cxd4 4. Nxd4 Nf6 5. Nc3 d6 6. Bb5+ Nbd7 7. O-O a6 8.
Bxd7+ Bxd7 9. a4 Rc8 10. Be3 Be7 11. a5 O-O 12. Nb3 Bc6 13. Re1 Qd7 14. Bb6 Bd8
15. Qd2 Bxb6 16. axb6 Rfd8 17. Rad1 e5 18. Na5 Qe6 19. f3 d5 20. Nxc6 Qxc6 21.
exd5 Qxb6+ 22. Re3 Qxb2 23. Rb1 Qa3 24. Rxb7 Qc5 25. Kh1 Nxd5 26. Rd3 Qxc3 27.
Rxc3 Nxc3 28. Rd7 Re8 29. Rd3 Nb5 30. h3 h6 31. Rd7 Rc6 32. Rxf7 Rxc2 33. Qd7
Nd6 34. Rxg7+ Kf8 35. Rh7 1-0

[Event "Titled Tuesday 2021.04.13"]
[Site "chess.com INT"]
[Date "2021.04.13"]
[Round "7"]
[White "Plotkin, Mark"]
[Black "Al Hosani, Omran"]
[Result "1-0"]
[WhiteElo "2430"]
[BlackElo "2197"]
[PlyCount "37"]
[EventDate "2021.04.13"]
[EventType "swiss (blitz)"]
[EventRounds "11"]
[EventCountry "NET"]
[Source "Mark Crowther"]
[SourceDate "2021.04.19"]

1. e4 c5 2. Nf3 d6 3. d4 cxd4 4. Nxd4 Nf6 5. Nc3 a6 6. h3 e6 7. g4 Be7 8. Bg2
O-O 9. O-O Nc6 10. Be3 Qc7 11. f4 Bd7 12. g5 Ne8 13. Qh5 Nxd4 14. Bxd4 b5 15.
f5 Qc4 16. Rad1 b4 17. f6 g6 18. Qh6 Bd8 19. Rf4 1-0

[Event "Titled Tuesday 2021.04.13"]
[Site "chess.com INT"]
[Date "2021.04.13"]
[Round "8"]
[White "Nguyen Ngoc Truong Son"]
[Black "Plotkin, Mark"]
[Result "0-1"]
[WhiteElo "2641"]
[BlackElo "2430"]
[PlyCount "64"]
[EventDate "2021.04.13"]
[EventType "swiss (blitz)"]
[EventRounds "11"]
[EventCountry "NET"]
[Source "Mark Crowther"]
[SourceDate "2021.04.19"]

1. e4 c5 2. Nf3 e6 3. d4 cxd4 4. Nxd4 Nf6 5. Bd3 a6 6. O-O d6 7. c4 b6 8. Nc3
Bb7 9. Be3 Nbd7 10. f3 Rc8 11. Rc1 Ne5 12. b3 Be7 13. Re1 O-O 14. Bf1 Kh8 15.
Qd2 Rg8 16. h3 Qf8 17. f4 Ned7 18. Bf2 g6 19. e5 Nh5 20. g4 Nxf4 21. Qxf4 dxe5
22. Nxe6 fxe6 23. Qxf8 Rgxf8 24. Rcd1 Nc5 25. Bg3 Bf6 26. b4 e4 27. bxc5 Bxc3
28. Re3 Bb4 29. Bd6 Bxc5 30. Bxc5 Rxc5 31. Rd6 b5 32. Rb6 Bc8 0-1

[Event "Charlotte Holiday GM"]
[Site "Charlotte USA"]
[Date "2020.12.27"]
[Round "1.4"]
[White "Plotkin, Mark"]
[Black "Yip, Carissa"]
[Result "1/2-1/2"]
[WhiteElo "2435"]
[BlackElo "2421"]
[PlyCount "100"]
[EventDate "2020.12.26"]
[EventType "tourn"]
[EventRounds "9"]
[EventCountry "USA"]
[EventCategory "8"]
[Source "ChessMix"]
[SourceDate "2021.01.01"]

1. c4 g6 2. Nc3 Bg7 3. e4 c5 4. g3 Nc6 5. Bg2 d6 6. d3 e6 7. Be3 Nge7 8. h4 h5
9. Nge2 Nd4 10. Qd2 Nec6 11. f4 a6 12. O-O Qa5 13. Rae1 O-O 14. e5 dxe5 15.
fxe5 Bxe5 16. Bh6 Nxe2+ 17. Rxe2 Bg7 18. Bxc6 bxc6 19. Bxg7 Kxg7 20. Rf6 Qd8
21. Ref2 Ra7 22. Ne4 Qd4 23. Qg5 a5 24. g4 Rh8 25. Qf4 hxg4 26. Rxf7+ Rxf7 27.
Qxf7+ Kh6 28. Qf4+ Kg7 29. Qc7+ Kh6 30. Kh2 e5 31. Qf7 g3+ 32. Kxg3 Qxd3+ 33.
Qf3 Qxf3+ 34. Rxf3 Bf5 35. Nxc5 Rd8 36. Nb7 Rb8 37. Nd6 Rxb2 38. Nxf5+ gxf5 39.
Rxf5 Rxa2 40. Rxe5 a4 41. Re6+ Kh5 42. Rxc6 Rc2 43. Rc5+ Kh6 44. Kg4 a3 45.
Rc6+ Kh7 46. Kh5 a2 47. Rc7+ Kg8 48. Ra7 Rxc4 49. Ra8+ Kg7 50. Ra7+ Kg8 1/2-1/2

[Event "Charlotte Holiday GM"]
[Site "Charlotte USA"]
[Date "2020.12.27"]
[Round "2.3"]
[White "Stearman, Josiah"]
[Black "Plotkin, Mark"]
[Result "1/2-1/2"]
[WhiteElo "2391"]
[BlackElo "2435"]
[PlyCount "102"]
[EventDate "2020.12.26"]
[EventType "tourn"]
[EventRounds "9"]
[EventCountry "USA"]
[EventCategory "8"]
[Source "ChessMix"]
[SourceDate "2021.01.01"]

1. Nf3 d5 2. c4 e6 3. e3 Nf6 4. Nc3 a6 5. b3 c5 6. Bb2 Nc6 7. cxd5 exd5 8. d4
cxd4 9. Nxd4 Bd6 10. Be2 O-O 11. O-O Be6 12. Nxc6 bxc6 13. Rc1 c5 14. Na4 Rc8
15. Bf3 Ne4 16. Bxe4 dxe4 17. Qh5 f5 18. Rfd1 Qe7 19. g3 Bf7 20. Qe2 Rc6 21. h4
Rfc8 22. Nc3 c4 23. Nd5 Qe8 24. Qd2 Bh5 25. Qd4 Bf8 26. Rd2 cxb3 27. Rxc6 Rxc6
28. axb3 Bf7 29. Qa4 Rd6 30. Qxe8 Bxe8 31. Ba3 Rd7 32. Bxf8 Kxf8 33. Rd4 Bf7
34. Nb4 Rxd4 35. exd4 a5 36. Nc6 Bxb3 37. Nxa5 Bd5 38. Kf1 Kf7 39. Ke2 Kf6 40.
Kd2 h6 41. Kc3 g5 42. hxg5+ hxg5 43. Nc4 Bxc4 44. Kxc4 f4 45. gxf4 g4 46. d5 e3
47. Kd3 exf2 48. Ke2 g3 49. Kf1 Kf5 50. Kg2 Kg6 51. d6 Kf6 1/2-1/2

[Event "Charlotte Holiday GM"]
[Site "Charlotte USA"]
[Date "2020.12.28"]
[Round "3.3"]
[White "Plotkin, Mark"]
[Black "Mishra, Abhimanyu"]
[Result "1/2-1/2"]
[WhiteElo "2435"]
[BlackElo "2338"]
[PlyCount "173"]
[EventDate "2020.12.26"]
[EventType "tourn"]
[EventRounds "9"]
[EventCountry "USA"]
[EventCategory "8"]
[Source "ChessMix"]
[SourceDate "2021.01.01"]

1. e4 e6 2. d4 d5 3. Nd2 c5 4. exd5 Qxd5 5. Ngf3 cxd4 6. Bc4 Qd6 7. O-O Nf6 8.
Nb3 Nc6 9. Nbxd4 Nxd4 10. Qxd4 Qxd4 11. Nxd4 Bc5 12. Nf3 O-O 13. Bg5 b6 14.
Rad1 Bb7 15. Bxf6 gxf6 16. c3 Rfd8 17. Be2 Bd5 18. a3 Bb3 19. Rd2 Kf8 20. Bd1
Bc4 21. Re1 b5 22. Be2 Rxd2 23. Nxd2 Bxe2 24. Rxe2 Rd8 25. Kf1 Ke7 26. Ke1 a6
27. f3 f5 28. Nb3 Bb6 29. Rd2 Rg8 30. g3 f4 31. g4 h5 32. h3 f5 33. gxf5 Be3
34. Rh2 Rg1+ 35. Ke2 e5 36. Kd3 Kf6 37. Ke4 Re1 38. Rg2 Bf2+ 39. Kd5 Bg3 40. a4
Kxf5 41. axb5 axb5 42. Nd2 Re3 43. Kc6 Kg5 44. Kxb5 Kh4 45. Rg1 Re2 46. Rd1
Kxh3 47. c4 Be1 48. Ne4 Rxb2+ 49. Kc6 Bg3 50. Kd5 Kg2 51. c5 h4 52. c6 Rb8 53.
Nd6 h3 54. c7 Rf8 55. Ke4 h2 56. c8=Q Rxc8 57. Nxc8 h1=Q 58. Rxh1 Kxh1 59. Ne7
Bh4 60. Ng6 Bg5 61. Nxe5 Kg2 62. Kf5 Be7 63. Kg4 Kf2 64. Nd3+ Ke3 65. Nxf4 Bd6
66. Nh5 Kd4 67. Ng7 Bb8 68. Nf5+ Kd5 69. Kg5 Ke6 70. Nh6 Bc7 71. Ng4 Bb8 72.
Nf2 Bc7 73. Nd3 Bd6 74. Nf4+ Bxf4+ 75. Kxf4 Kf6 76. Ke4 Ke6 77. f4 Kf6 78. f5
Kf7 79. Ke5 Ke7 80. Kf4 Kf6 81. Kg4 Kf7 82. Kg5 Kg7 83. f6+ Kf7 84. Kf5 Kf8 85.
Ke6 Ke8 86. f7+ Kf8 87. Kf6 1/2-1/2

[Event "Charlotte Holiday GM"]
[Site "Charlotte USA"]
[Date "2020.12.28"]
[Round "4.1"]
[White "Stremavicius, Titas"]
[Black "Plotkin, Mark"]
[Result "1/2-1/2"]
[WhiteElo "2485"]
[BlackElo "2435"]
[PlyCount "97"]
[EventDate "2020.12.26"]
[EventType "tourn"]
[EventRounds "9"]
[EventCountry "USA"]
[EventCategory "8"]
[Source "ChessMix"]
[SourceDate "2021.01.01"]

1. Nf3 g6 2. d4 Bg7 3. e4 c6 4. c3 d5 5. exd5 cxd5 6. Bf4 Nh6 7. h4 f6 8. Nbd2
Nf7 9. Qc2 e5 10. dxe5 fxe5 11. Be3 O-O 12. Nb3 Nc6 13. Rd1 e4 14. Ng5 Nfe5 15.
Nc5 Ng4 16. Nce6 Bxe6 17. Nxe6 Qd6 18. Nxf8 Nxe3 19. fxe3 Rxf8 20. Qb3 Ne7 21.
Rh3 Qf6 22. Kd2 Qf2+ 23. Kc1 Kh8 24. h5 gxh5 25. Kb1 Nf5 26. Qc2 Qxc2+ 27. Kxc2
Bh6 28. Kd2 Nxe3 29. Rxe3 Rf2+ 30. Be2 Rxg2 31. Rh1 Rg3 32. Rxh5 Bxe3+ 33. Ke1
Rg5 34. Rxg5 Bxg5 35. Bg4 Bf6 36. Bc8 d4 37. Bxb7 e3 38. cxd4 Bxd4 39. b4 Kg7
40. a4 Kf6 41. b5 Kg5 42. a5 Kf4 43. b6 Bxb6 44. axb6 axb6 45. Bc6 h5 46. Ke2
h4 47. Bd7 Ke4 48. Bc6+ Kd4 49. Bd7 1/2-1/2

[Event "Charlotte Holiday GM"]
[Site "Charlotte USA"]
[Date "2020.12.29"]
[Round "5.2"]
[White "Plotkin, Mark"]
[Black "Sheng, Joshua"]
[Result "1/2-1/2"]
[WhiteElo "2435"]
[BlackElo "2474"]
[PlyCount "104"]
[EventDate "2020.12.26"]
[EventType "tourn"]
[EventRounds "9"]
[EventCountry "USA"]
[EventCategory "8"]
[Source "ChessMix"]
[SourceDate "2021.01.01"]

1. c4 c6 2. Nf3 d5 3. e3 Nf6 4. b3 Bf5 5. Bb2 e6 6. Nh4 Bg4 7. Qc2 Nbd7 8. h3
Bh5 9. g4 Ne4 10. Nf3 Bg6 11. d3 Qa5+ 12. Nfd2 Nxd2 13. Nxd2 O-O-O 14. cxd5
Qxd5 15. e4 Qa5 16. a3 h5 17. b4 Qc7 18. g5 Qf4 19. O-O-O Qxf2 20. d4 Kb8 21.
Bd3 Qe3 22. Kb1 Qxg5 23. Nc4 Rc8 24. h4 Qd8 25. d5 e5 26. d6 f6 27. Bf1 Bf7 28.
Bh3 Qe8 29. Rhg1 Be6 30. Bf5 Rg8 31. Bh7 g6 32. Bxg8 Bxg8 33. Rd3 Qe6 34. Rc3
Bf7 35. Bc1 Bxd6 36. Nxd6 Qxd6 37. Be3 Qe6 38. Rd1 Nb6 39. Bxb6 axb6 40. Rcd3
f5 41. Rd6 Qb3+ 42. Qxb3 Bxb3 43. Rg1 Bc4 44. Rgxg6 fxe4 45. Rg7 e3 46. Rdd7
Ba6 47. Rge7 e2 48. Rxe5 Rf8 49. Rde7 Rf4 50. Kc2 Rxh4 51. Kd2 Bc4 52. Re4 Rxe4
1/2-1/2

[Event "Charlotte Holiday GM"]
[Site "Charlotte USA"]
[Date "2020.12.29"]
[Round "6.5"]
[White "Daggupati, Balaji"]
[Black "Plotkin, Mark"]
[Result "0-1"]
[WhiteElo "2399"]
[BlackElo "2435"]
[PlyCount "158"]
[EventDate "2020.12.26"]
[EventType "tourn"]
[EventRounds "9"]
[EventCountry "USA"]
[EventCategory "8"]
[Source "ChessMix"]
[SourceDate "2021.01.01"]

1. e4 g6 2. d4 Bg7 3. Nc3 c6 4. Bc4 d5 5. exd5 b5 6. Bb3 b4 7. Na4 cxd5 8. a3
Nc6 9. Be3 bxa3 10. Rxa3 Nh6 11. c3 O-O 12. Nf3 Nf5 13. Bf4 f6 14. h4 Na5 15.
Ba2 Nc4 16. Nc5 Nxa3 17. bxa3 e6 18. Qa4 Qe8 19. Qa5 Qc6 20. O-O Nd6 21. Nd2
Nb7 22. Nxb7 Bxb7 23. Nb3 Ba6 24. Ra1 Bc4 25. Qb4 Qb6 26. Nc5 Bxa2 27. Rxa2 e5
28. Be3 Rf7 29. Rb2 Qxb4 30. axb4 f5 31. dxe5 Bxe5 32. Bd4 Re8 33. Rd2 Rfe7 34.
Bxe5 Rxe5 35. g3 R8e7 36. Kg2 Kf7 37. Kf3 h6 38. Rd4 Rc7 39. Kg2 Ke7 40. Nd3
Re4 41. Rxd5 Rxc3 42. Nf4 g5 43. hxg5 hxg5 44. Nh3 Kf6 45. Rd6+ Re6 46. Rd8 Rc7
47. Rf8+ Kg6 48. Rg8+ Rg7 49. Rc8 Rb6 50. Rc4 Re7 51. g4 Re4 52. gxf5+ Kxf5 53.
Rc5+ Re5 54. Rc4 Reb5 55. Kg3 g4 56. Rf4+ Ke5 57. Rxg4 Rxb4 58. Nf4 Kd4 59. Rg7
a5 60. Rd7+ Kc4 61. Nd5 Rb3+ 62. Kf4 Rb7 63. Ne3+ Kc3 64. Nd1+ Kc2 65. Ne3+ Kb1
66. Rd1+ Ka2 67. Ke5 a4 68. Nc4 Rf3 69. Rd2+ Kb1 70. Rd4 Kc1 71. Na5 Rb5+ 72.
Ke4 Ra3 73. Nc6 Rc3 74. Nb4 Kb1 75. Nd5 Rcc5 76. Ne3 a3 77. Nc4 Ka2 78. f4 Kb3
79. Nd6 Rb4 0-1

[Event "Charlotte Holiday GM"]
[Site "Charlotte USA"]
[Date "2020.12.30"]
[Round "7.4"]
[White "Plotkin, Mark"]
[Black "Gauri, Shankar"]
[Result "0-1"]
[WhiteElo "2435"]
[BlackElo "2356"]
[PlyCount "68"]
[EventDate "2020.12.26"]
[EventType "tourn"]
[EventRounds "9"]
[EventCountry "USA"]
[EventCategory "8"]
[Source "ChessMix"]
[SourceDate "2021.01.01"]

1. e4 e5 2. Nf3 Nc6 3. Nc3 Nf6 4. g3 d5 5. exd5 Nxd5 6. Bg2 Nxc3 7. bxc3 Bc5 8.
O-O O-O 9. d3 Bb6 10. Nd2 Be6 11. Ne4 f5 12. Ng5 Bd5 13. Qh5 h6 14. Nf3 Qf6 15.
Ba3 Rfe8 16. c4 Bf7 17. Qh3 g5 18. g4 e4 19. dxe4 fxe4 20. Nd2 Bxf2+ 21. Kh1 e3
22. Bc5 exd2 23. Bxf2 Bxc4 24. Bg1 Bxf1 25. Rxf1 Qe6 26. Rd1 Rad8 27. c4 Kh7
28. Qb3 Qe2 29. c5 Re7 30. h3 Nd4 31. Qb1+ Kg7 32. Qa1 Qxd1 33. Qxd1 Re1 34.
Qxd2 Rxg1+ 0-1